Structural engineer's pocket book. -- 2nd ed. (Record no. 76917)

MARC details
000 -LEADER
fixed length control field 01036nam a2200229 a 4500
008 - FIXED-LENGTH DATA ELEMENTS--GENERAL INFORMATION
fixed length control field 100121s2009 ||||||||||||||||| || u
020 ## - INTERNATIONAL STANDARD BOOK NUMBER
International Standard Book Number 9780750686860
050 ## - LIBRARY OF CONGRESS CALL NUMBER
Classification number TH 151 Cob
100 ## - MAIN ENTRY--PERSONAL NAME
Personal name Cobb, Fiona
245 10 - TITLE STATEMENT
Title Structural engineer's pocket book. -- 2nd ed.
Statement of responsibility, etc. By Fiona Cobb
250 ## - EDITION STATEMENT
Edition statement 2nd ed.
260 ## - PUBLICATION, DISTRIBUTION, ETC.
Place of publication, distribution, etc. Oxford:
Name of publisher, distributor, etc. Elsevier Butterworth-Heinemann
Date of publication, distribution, etc. 2009
300 ## - PHYSICAL DESCRIPTION
Extent xv, 395p.: ill.
350 ## -
-- 0.00
500 ## - GENERAL NOTE
General note Includes Index
650 ## - SUBJECT ADDED ENTRY--TOPICAL TERM
Topical term or geographic name entry element BUILDING--HANDBOOKS, MANUALS, ETC
650 ## - SUBJECT ADDED ENTRY--TOPICAL TERM
Topical term or geographic name entry element CONSTRUCTION
650 ## - SUBJECT ADDED ENTRY--TOPICAL TERM
Topical term or geographic name entry element STRUCTURAL ENGINEERING--HANDBOOKS, MANUALS, ETC
995 ## -
-- REFERENCE BOOKS
-- 0.00
-- 740684
-- CBU-MAIN LIBRARY (Kitwe)
-- 1
-- 0.00
-- TH 151 COB
-- 2
-- REFERENCE
-- Mar 16, 2010
-- 740684
-- Reference Collection
995 ## -
-- REFERENCE BOOKS
-- 0.00
-- 740685
-- CBU-MAIN LIBRARY (Kitwe)
-- 1
-- 0.00
-- TH 151 COB
-- 3
-- REFERENCE
-- Mar 16, 2010
-- 740685
-- Reference Collection
995 ## -
-- REFERENCE BOOKS
-- 0.00
-- 740683
-- CBU-MAIN LIBRARY (Kitwe)
-- 1
-- 0.00
-- TH 151 COB
-- 1
-- REFERENCE
-- Mar 16, 2010
-- 740683
-- Reference Collection
999 ## -
-- 76917
-- 76917
Holdings
Withdrawn status Lost status Source of classification or shelving scheme Damaged status Not for loan Permanent Location Current Location Shelving location Date acquired Total Checkouts Full call number Barcode Date last seen Copy number Price effective from Koha item type
          CBU-MAIN LIBRARY, KITWE. CBU-MAIN LIBRARY, KITWE.   04/25/2023   TH 151 Cob 740684 04/25/2023 1 04/25/2023 REFERENCE COLLECTION
          CBU-MAIN LIBRARY, KITWE. CBU-MAIN LIBRARY, KITWE.   04/25/2023   TH 151 Cob 740685 04/25/2023 2 04/25/2023 REFERENCE COLLECTION
          CBU-MAIN LIBRARY, KITWE. CBU-MAIN LIBRARY, KITWE.   04/25/2023   TH 151 Cob 740683 04/25/2023 3 04/25/2023 REFERENCE COLLECTION